Applied Linear Statistical Models. Regression, Analysis of Variance, and Experimental Designs

Salvato in:
Dettagli Bibliografici
Autore principale: Neter, John
Altri autori: Wasserman, William, Kutner, Michael H.
Natura: Libro
Lingua:inglese
Pubblicazione: Homewood Irwin 1985
Edizione:2. ed.
Soggetti:
Tags: Aggiungi Tag
Nessun Tag, puoi essere il primo ad aggiungerne!!

MARC

LEADER 00000nam a2200000 4500
001 c000364
005 20221220081618.9
020 |a 0-256-02447-2 
041 0 |a eng 
044 |a US 
245 1 0 |a Applied Linear Statistical Models. Regression, Analysis of Variance, and Experimental Designs  |c John Neter, William Wasserman, Michael H. Kutner 
250 |a 2. ed. 
264 1 |a Homewood  |b Irwin  |c 1985 
300 |a 1127 s. 
610 2 0 |a modely štatistické 
610 2 0 |a modely lineárne 
610 2 0 |a regresia 
610 2 0 |a pravdepodobnosť 
610 2 0 |a analýza regresná 
610 2 0 |a analýza korelačná 
610 2 0 |a metódy štatistické 
610 2 0 |a štatistika aplikovaná 
610 2 0 |a modely nelineárne 
610 2 0 |a rady časové 
100 1 |a Neter, John 
700 1 |a Wasserman, William 
700 1 |a Kutner, Michael H.